Вып. 13 : Вопросы геологии, добычи и переработки нефти; Труды Московского нефтяного института им. И. И. Губкина

Bibliografiske detaljer
Parent link:Труды Московского нефтяного института им. И. И. Губкина: [сборник]/ Московский нефтяной институт им. И. И. Губкина (МНИ). Вып. 13 : Вопросы геологии, добычи и переработки нефти.— , 1939-
Andre forfattere: Сердий А. Г. (редактор)
Sprog:russisk
Udgivet: 1953
Fag:
Format: MixedMaterials Bog
KOHA link:https://koha.lib.tpu.ru/cgi-bin/koha/opac-detail.pl?biblionumber=352894

MARC

LEADER 00000nam2a2200000 4500
001 352894
005 20231102010536.0
035 |a (RuTPU)RU\TPU\retro\9784 
035 |a RU\TPU\retro\9198 
090 |a 352894 
100 |a 20200214d1953 k y0rusy50 ca 
101 0 |a rus 
102 |a RU 
105 |a a z 001zy 
200 0 |a Вып. 13 : Вопросы геологии, добычи и переработки нефти  |f под ред. А. Г. Сердия 
210 |d 1953 
215 |a 270 с.  |c ил. 
320 |a Библиография в конце статей. 
461 1 |0 (RuTPU)RU\TPU\retro\9198  |t Труды Московского нефтяного института им. И. И. Губкина  |o [сборник]  |f Московский нефтяной институт им. И. И. Губкина (МНИ)  |v Вып. 13 : Вопросы геологии, добычи и переработки нефти  |d 1939-  
606 1 |a Нефтегазовые месторождения  |x Системы разработки  |x Эксплуатация  |2 stltpush  |3 (RuTPU)RU\TPU\subj\45562  |9 64757 
610 1 |a геология 
610 1 |a нефтяные месторождения 
610 1 |a эксплуатация 
610 1 |a транспорт нефти 
610 1 |a химическое машиностроение 
610 1 |a нефть 
610 1 |a химия 
675 |a 622.276  |v 3 
702 1 |a Сердий  |b А. Г.  |4 340 
801 1 |a RU  |b 63413507  |c 20141229 
801 2 |a RU  |b 63413507  |c 20200217  |g RCR 
942 |c BK